| 000 | 01409cam a2200205 4500 | ||
|---|---|---|---|
| 008 | 030827n2003 000 0 eng u | ||
| 035 | _a(Sirsi) u123376 | ||
| 245 | _aSmall landlords dominate rental sector | ||
| 260 | _c2003 | ||
| 490 |
_aRICS Press Release _v(pr085) 26 August 2003 (2) |
||
| 520 | _aInvestment in letting property appears to be on the increase with a sharp rise in the number of instructions to let residential property. Demand for rented property rose in the three months to July as first-time buyers found themselves unable to get on the property ladder. There was a drop in lettings in southeast England but elsewhere they held steady. RICS is calling on government to encourage insurance and pension fund investment in the residential market through Real Estate Investment Trusts (REITs), to stimulate diversity and growth in the market. "RICS residential lettings survey Great Britain" can be found at http://www.rics.org/ricscms/bin/show?class=MarketSurvey&template=/includes/showmarketsurvey.html&id=65. http://www.rics.org/ricscms/bin/show?class=PressRelease&template=/includes/showpr.html&id=1018&faculty=RICS | ||
| 590 | _aWB | ||
| 650 | _aRESIDENTIAL LETTINGS | ||
| 650 | _aRESIDENTIAL PROPERTY INVESTMENT | ||
| 650 | _aREITS | ||
| 650 | _aRESIDENTIAL LETTINGS SURVEY | ||
| 650 | _aRESIDENTIAL PROPERTY MARKET | ||
| 690 | _aHOUSING-PRIVATE RENTED SECTOR | ||
| 942 | _n0 | ||
| 999 |
_c73283 _d73283 |
||